| 000 | 00561nam a2200181Ia 4500 | ||
|---|---|---|---|
| 008 | 090124s9999 xx 000 0 und d | ||
| 082 | _b3559 | ||
| 100 | _aवाटवे डॉ. के. ना. | ||
| 245 | _a रस-विमर्श | ||
| 250 | _a1 | ||
| 260 |
_bविघ्य़ाधर हरि दामले _c1942 |
||
| 300 | _a460 | ||
| 600 | _aवाटवे डॉ. के. ना. | ||
| 630 | _a रस-विमर्श | ||
| 700 | _aवाटवे डॉ. के. ना. | ||
| 730 | _a रस-विमर्श | ||
| 942 | _cBOOK | ||
| 999 |
_c83237 _d83237 |
||